000 00544nam a22001937a 4500
003 KOHA_MİRAKIL
005 20251117162729.0
008 251117b tu ||||| |||| 00| 0 tur d
020 _a9789750501227
040 _aTR-AnABB
_btur
_cTR-AnABB
041 _atur
082 _a813.42
_bSOY 2014
100 1 _aSoysal, Sevgi,
245 1 0 _aYenişehirde bir öğle vakti /
_cSevgi Soysal
260 _aAnkara :
_bİletişim Yayıncılık,
_c2014
300 _a272 sayfa ;
_c20 cm
650 0 4 _aTürk edebiyatı, roman
942 _2ddc
_cBK
999 _c9492
_d9492
900 _bGizem YORULMAZ